<?xml version="1.0" encoding="UTF-8"?>
<record
    xmlns:xsi="http://www.w3.org/2001/XMLSchema-instance"
    xsi:schemaLocation="http://www.loc.gov/MARC21/slim http://www.loc.gov/standards/marcxml/schema/MARC21slim.xsd"
    xmlns="http://www.loc.gov/MARC21/slim">

  <leader>01044nam a2200229 a 4500</leader>
  <controlfield tag="005">20251001101254.0</controlfield>
  <datafield tag="020" ind1=" " ind2=" ">
    <subfield code="a">0406063303</subfield>
    <subfield code="c">TZS 97240/=</subfield>
  </datafield>
  <datafield tag="040" ind1=" " ind2=" ">
    <subfield code="a">MCCL</subfield>
    <subfield code="b">eng.</subfield>
    <subfield code="e">AACR 2nd. rev.ed.</subfield>
  </datafield>
  <datafield tag="082" ind1="0" ind2="0">
    <subfield code="a">346.015 LOW</subfield>
  </datafield>
  <datafield tag="100" ind1="1" ind2=" ">
    <subfield code="a">Lowe, N. V.</subfield>
  </datafield>
  <datafield tag="245" ind1="1" ind2="0">
    <subfield code="a">Family law /</subfield>
    <subfield code="c"> N.V. Lowe   and G Douglas</subfield>
  </datafield>
  <datafield tag="250" ind1=" " ind2=" ">
    <subfield code="a">9th ed.</subfield>
  </datafield>
  <datafield tag="260" ind1=" " ind2=" ">
    <subfield code="a">London :</subfield>
    <subfield code="b">Butterworths,</subfield>
    <subfield code="c">c1998.</subfield>
  </datafield>
  <datafield tag="300" ind1=" " ind2=" ">
    <subfield code="a">lxxv, 929 p. ;</subfield>
    <subfield code="c">25 cm.</subfield>
  </datafield>
  <datafield tag="504" ind1=" " ind2=" ">
    <subfield code="a">Includes bibliographical references and index.</subfield>
  </datafield>
  <datafield tag="520" ind1=" " ind2=" ">
    <subfield code="a">This latest edition reflects the general trends in the development of family law, in particular the increasing emphasis upon the parent-child relationship and the diminishing significance of marriage. Therefore substantial changes have been made both to the overall structure and to the content. For example, the chapters on Divorce and Family Protection have been entirely re-written in the light of the Family Law Act 1996
</subfield>
  </datafield>
  <datafield tag="546" ind1=" " ind2=" ">
    <subfield code="a">eng.</subfield>
  </datafield>
  <datafield tag="650" ind1=" " ind2="0">
    <subfield code="a">Domestic relations</subfield>
    <subfield code="z">Great Britain.</subfield>
  </datafield>
  <datafield tag="650" ind1=" " ind2="0">
    <subfield code="a">Family law</subfield>
  </datafield>
  <datafield tag="700" ind1="1" ind2=" ">
    <subfield code="a">Douglas,G</subfield>
  </datafield>
  <datafield tag="942" ind1=" " ind2=" ">
    <subfield code="c">BK</subfield>
  </datafield>
  <datafield tag="999" ind1=" " ind2=" ">
    <subfield code="c">11480</subfield>
    <subfield code="d">11480</subfield>
  </datafield>
  <datafield tag="952" ind1=" " ind2=" ">
    <subfield code="0">0</subfield>
    <subfield code="1">0</subfield>
    <subfield code="4">0</subfield>
    <subfield code="7">0</subfield>
    <subfield code="a">MU002</subfield>
    <subfield code="b">MU002</subfield>
    <subfield code="d">2006-06-01</subfield>
    <subfield code="e">NAIROBI UNIVERSITY BOOK SHOP</subfield>
    <subfield code="l">0</subfield>
    <subfield code="o">346.015 LOW</subfield>
    <subfield code="p">001994</subfield>
    <subfield code="r">2025-10-01 10:11:56</subfield>
    <subfield code="t">1</subfield>
    <subfield code="w">2025-10-01</subfield>
    <subfield code="y">BK</subfield>
  </datafield>
  <datafield tag="952" ind1=" " ind2=" ">
    <subfield code="0">0</subfield>
    <subfield code="1">0</subfield>
    <subfield code="4">0</subfield>
    <subfield code="7">0</subfield>
    <subfield code="a">MU002</subfield>
    <subfield code="b">MU002</subfield>
    <subfield code="d">2006-06-01</subfield>
    <subfield code="e">NAIROBI UNIVERSITY BOOK SHOP</subfield>
    <subfield code="l">0</subfield>
    <subfield code="o">346.015 LOW</subfield>
    <subfield code="p">001995</subfield>
    <subfield code="r">2025-10-01 10:11:56</subfield>
    <subfield code="t">2</subfield>
    <subfield code="w">2025-10-01</subfield>
    <subfield code="y">BK</subfield>
  </datafield>
  <datafield tag="952" ind1=" " ind2=" ">
    <subfield code="0">0</subfield>
    <subfield code="1">0</subfield>
    <subfield code="4">0</subfield>
    <subfield code="7">0</subfield>
    <subfield code="a">MU002</subfield>
    <subfield code="b">MU002</subfield>
    <subfield code="d">2006-06-01</subfield>
    <subfield code="e">NAIROBI UNIVERSITY BOOK SHOP</subfield>
    <subfield code="l">0</subfield>
    <subfield code="o">346.015 LOW</subfield>
    <subfield code="p">001996</subfield>
    <subfield code="r">2025-10-01 10:11:56</subfield>
    <subfield code="t">3</subfield>
    <subfield code="w">2025-10-01</subfield>
    <subfield code="y">BK</subfield>
  </datafield>
</record>
